<?xml version="1.0" encoding="UTF-8"?><?xml-stylesheet type="text/xsl" href="static/style.xsl"?><OAI-PMH xmlns="http://www.openarchives.org/OAI/2.0/" xmlns:xsi="http://www.w3.org/2001/XMLSchema-instance" xsi:schemaLocation="http://www.openarchives.org/OAI/2.0/ http://www.openarchives.org/OAI/2.0/OAI-PMH.xsd"><responseDate>2026-04-13T18:15:03Z</responseDate><request verb="GetRecord" identifier="oai:www.recercat.cat:20.500.14342/951" metadataPrefix="marc">https://recercat.cat/oai/request</request><GetRecord><record><header><identifier>oai:recercat.cat:20.500.14342/951</identifier><datestamp>2025-12-14T20:08:14Z</datestamp><setSpec>com_2072_482405</setSpec><setSpec>com_2072_183628</setSpec><setSpec>col_2072_482412</setSpec></header><metadata><record xmlns="http://www.loc.gov/MARC21/slim" xmlns:dcterms="http://purl.org/dc/terms/" xmlns:xsi="http://www.w3.org/2001/XMLSchema-instance" xmlns:doc="http://www.lyncode.com/xoai" xsi:schemaLocation="http://www.loc.gov/MARC21/slim http://www.loc.gov/standards/marcxml/schema/MARC21slim.xsd">
   <leader>00925njm 22002777a 4500</leader>
   <datafield ind2=" " ind1=" " tag="042">
      <subfield code="a">dc</subfield>
   </datafield>
   <datafield ind2=" " ind1=" " tag="720">
      <subfield code="a">Planella-Ribera, Jordi</subfield>
      <subfield code="e">author</subfield>
   </datafield>
   <datafield ind2=" " ind1=" " tag="720">
      <subfield code="a">Martínez Rivera, Oscar</subfield>
      <subfield code="e">author</subfield>
   </datafield>
   <datafield ind2=" " ind1=" " tag="260">
      <subfield code="c">2021-07-01</subfield>
   </datafield>
   <datafield ind2=" " ind1=" " tag="520">
      <subfield code="a">El artículo presenta una investigación centrada en los programas de acompañamiento a estudiantes con discapacidad a partir del giro conceptual de los Disability studies. El objetivo de la investigación ha sido buscar aquellos elementos clave que han configurado este cambio en el acceso de los estudiantes con discapacidad a la Universidad y de los programas de acompañamiento que se han creado. El análisis se ha centrado en tres categorías: evolución del número de estudiantes, innovaciones en la universidad y en personalización. La investigación concluye admitiendo que el cambio generalizado de la mirada sobre las personas con discapacidad ha supuesto que las universidades hayan normalizado la presencia de personas con discapacidad en los diferentes estudios. Los datos revelan la importancia de la consolidación de proyectos de apoyo para hacer posible su incorporación a las universidades. Pero los estudiantes con discapacidad todavía relatan el gran esfuerzo que deben realizar para cursar sus estudios, hecho que demuestra que todavía no se ha conseguido plenamente la igualdad de oportunidades. El horizonte se plantea con universidades tan accesibles como para ir reduciendo los apoyos específicos porque ya no sean necesarios.</subfield>
   </datafield>
   <datafield ind2=" " ind1=" " tag="520">
      <subfield code="a">This paper presents a research focused on accompanying programs for students with disabilities based on the conceptual shift of Disability Studies. The objective of the research was to look for those key elements that have configured this change in the access to the University for students with disabilities and the accompanying programs that have been created. The analysis has focused on three categories: student evolution, university innovations, and personalization. The research concludes by admitting that the widespread change of gaze on people with disabilities has meant that universities have standardized the presence of people with disabilities in different studies. The data reveal the importance of consolidating support projects to make possible that people with disabilities join the university. However, students with disabilities still recount the great effort they must make to keep on their studies, demonstrating that equal opportunities have not yet been fully achieved. The horizon is raised with universities so accessible that allow to reduce specific supports because they are no longer needed.</subfield>
   </datafield>
   <datafield ind1="8" ind2=" " tag="024">
      <subfield code="a">http://hdl.handle.net/20.500.14342/951</subfield>
   </datafield>
   <datafield ind1="8" ind2=" " tag="024">
      <subfield code="a">https://doi.org/10.1590/1980-54702021v27e0185</subfield>
   </datafield>
   <datafield tag="653" ind2=" " ind1=" ">
      <subfield code="a">Educació inclusiva</subfield>
   </datafield>
   <datafield tag="653" ind2=" " ind1=" ">
      <subfield code="a">Discapacitats</subfield>
   </datafield>
   <datafield ind2="0" ind1="0" tag="245">
      <subfield code="a">Los Disability Studies y el Acompañamiento a Estudiantes con Discapacidad en la Universidad Española</subfield>
   </datafield>
</record></metadata></record></GetRecord></OAI-PMH>